Comunicación e iglesia latinoamericana
Saved in:
| Hovedforfatter: | |
|---|---|
| Format: | Bog |
| Sprog: | spansk |
| Udgivet: |
Buenos Aires
Paulinas
1985
|
| Serier: | Comunicación, 3
|
| Fag: | |
| Tags: |
Tilføj Tag
Ingen Tags, Vær først til at tagge denne postø!
|
MARC
| LEADER | 00000nam a2200000 a 4500 | ||
|---|---|---|---|
| 001 | UCR1775 | ||
| 003 | CL-VaPUC | ||
| 008 | 971219e19850000AG |||||||||||||||||spa|d | ||
| 082 | 0 | 4 | |a 302.3 |b SPO |2 21 |
| 100 | 0 | |a Spoletini, Benito D |e author |9 399245 | |
| 245 | 1 | 0 | |a Comunicación e iglesia latinoamericana |
| 300 | |a 227 p | ||
| 942 | |c BK | ||
| 945 | |d 19971219 00:00:00 |a jquezada | ||
| 260 | |a Buenos Aires |b Paulinas |c 1985 | ||
| 650 | 0 | |a Comunicación |9 257251 | |
| 650 | 0 | |a Sociología |9 255410 | |
| 650 | 0 | |a Iglesia Católica |9 256114 | |
| 650 | 0 | |a Doctrina social de la iglesia |9 257333 | |
| 650 | 0 | |a Ética |9 255099 | |
| 650 | 0 | |a Cambio social |9 256857 | |
| 583 | |a last modification |c 19971219 00:00:00 |k Rodrigo Vera | ||
| 490 | 0 | |a Comunicación, 3 | |
| 999 | |c 265140 |d 265138 | ||
| 952 | |0 0 |1 0 |4 0 |6 302_300000000000000_SPO_1985 |7 0 |8 A |9 295956 |a BIBTEO |b BIBTEO |d 2019-11-20 |i 3382796 |o 302.3 SPO 1985 |p 3382796 |r 2025-01-17 |w 2019-11-20 |y BK |k ICR | ||